{"text_format":"3","workbook":"xlsx","n_sheets":1,"sheets":["t395"],"read":"whole","date_system":"1900"}

{"sheet":"t395","index":0,"n_rows":205,"n_cols":7,"rows_kept":205,"merged":[[0,0,0,6],[30,0,30,5],[52,0,52,5],[161,0,161,5]]}
["TABELA 395.1 - Estatísticas Agrícolas, Município de Paraguaçu Paulista, Estado de São Paulo, 2007/08."]
["ITEM","UNIDADE","N.DE UPAs","MÍNIMO","MÉDIO","MÁXIMO","TOTAL"]
["Distância à sede do município","km",{"v":1245,"d":"1,245"},0.1,{"v":16.34,"d":"16.3"},{"v":50,"d":"50.0"},"-"]
["Área total","hectare",{"v":1245,"d":"1,245"},0.6,{"v":78.55,"d":"78.6"},{"v":6739.6,"d":"6,739.6"},{"v":97793.7,"d":"97,793.7"}]
["Área com cultura perene","hectare",83,0.1,{"v":4.33,"d":"4.3"},24.2,359.3]
["Área com cultura temporária","hectare",745,0.2,{"v":79.57,"d":"79.6"},{"v":5785.8,"d":"5,785.8"},{"v":59280.9,"d":"59,280.9"}]
["Área com pastagem","hectare",892,0.3,{"v":31.95,"d":"32.0"},{"v":2360.6,"d":"2,360.6"},{"v":28503.5,"d":"28,503.5"}]
["Área com reflorestamento","hectare",136,0.1,{"v":6.59,"d":"6.6"},{"v":380,"d":"380.0"},{"v":896,"d":"896.0"}]
["Área com vegetação natural","hectare",769,0.1,8.1,331.5,{"v":6227.6,"d":"6,227.6"}]
["Área com vegetação de brejo e várzea","hectare",64,0.1,{"v":15.16,"d":"15.2"},330.2,970.1]
["Área em descanso","hectare",30,0.1,{"v":6.46,"d":"6.5"},53.2,193.8]
["Área complementar","hectare",840,0.1,{"v":1.62,"d":"1.6"},56.9,{"v":1362.5,"d":"1,362.5"}]
["Área das UPAs com (0, 1] ha","hectare",3,0.6,{"v":0.73,"d":"0.7"},{"v":1,"d":"1.0"},2.2]
["Área das UPAs com (1, 2] ha","hectare",7,1.2,1.5,{"v":2,"d":"2.0"},10.5]
["Área das UPAs com (2, 5] ha","hectare",92,2.1,{"v":3.94,"d":"3.9"},{"v":5,"d":"5.0"},362.2]
["Área das UPAs com (5, 10] ha","hectare",127,5.2,{"v":7.86,"d":"7.9"},{"v":10,"d":"10.0"},997.9]
["Área das UPAs com (10, 20] ha","hectare",235,10.1,{"v":14.74,"d":"14.7"},{"v":20,"d":"20.0"},{"v":3464.9,"d":"3,464.9"}]
["Área das UPAs com (20, 50] ha","hectare",389,20.2,{"v":33.51,"d":"33.5"},49.4,{"v":13034.7,"d":"13,034.7"}]
["Área das UPAs com (50, 100] ha","hectare",179,50.8,{"v":72.34,"d":"72.3"},99.2,{"v":12949.1,"d":"12,949.1"}]
["Área das UPAs com (100, 200] ha","hectare",112,100.3,{"v":141.27,"d":"141.3"},199.4,{"v":15822.5,"d":"15,822.5"}]
["Área das UPAs com (200, 500] ha","hectare",81,201.3,{"v":305.77,"d":"305.8"},496.2,{"v":24767.4,"d":"24,767.4"}]
["Área das UPAs com (500, 1.000] ha","hectare",14,500.2,{"v":625.07,"d":"625.1"},750.2,{"v":8751,"d":"8,751.0"}]
["Área das UPAs com (1.000, 2.000] ha","hectare",3,{"v":1020.8,"d":"1,020.8"},{"v":1245.83,"d":"1,245.8"},{"v":1448.9,"d":"1,448.9"},{"v":3737.5,"d":"3,737.5"}]
["Área das UPAs com (2.000, 5.000] ha","hectare",2,{"v":2665.6,"d":"2,665.6"},{"v":3577.1,"d":"3,577.1"},{"v":4488.6,"d":"4,488.6"},{"v":7154.2,"d":"7,154.2"}]
["Área das UPAs com (5.000, 10.000] ha","hectare",1,{"v":6739.6,"d":"6,739.6"},{"v":6739.6,"d":"6,739.6"},{"v":6739.6,"d":"6,739.6"},{"v":6739.6,"d":"6,739.6"}]
["Área das UPAs acima de 10.000 ha","hectare","-","-","-","-","-"]
["Familiares do proprietário que trabalham na UPA","unidade",{"v":1056,"d":"1,056"},{"v":1,"d":"1.0"},{"v":1.44,"d":"1.4"},{"v":12,"d":"12.0"},{"v":1520,"d":"1,520.0"}]
["Trabalhadores permanentes","unidade",273,{"v":1,"d":"1.0"},{"v":2.25,"d":"2.3"},{"v":150,"d":"150.0"},{"v":613,"d":"613.0"}]
["Fonte: Secretaria de Agricultura e Abastecimento, CDRS/IEA, Projeto LUPA."]
[]
["TABELA 395.2 - Explorações Animais, Município de Paraguaçu Paulista, Estado de São Paulo, 2007/08."]
["ITEM","UNIDADE","N.DE UPAs","MÍNIMO","MÉDIO","MÁXIMO","TOTAL"]
["Apicultura","colmeias",3,{"v":2,"d":"2.0"},{"v":12.67,"d":"12.7"},{"v":30,"d":"30.0"},{"v":38,"d":"38.0"}]
["Asininos E Muares","cabeças",36,{"v":1,"d":"1.0"},{"v":1.56,"d":"1.6"},{"v":6,"d":"6.0"},{"v":56,"d":"56.0"}]
["Avestruzes e Ema (Criadouro)","cabeças",3,{"v":4,"d":"4.0"},{"v":246.33,"d":"246.3"},{"v":700,"d":"700.0"},{"v":739,"d":"739.0"}]
["Avicultura de Corte","cabeças/ano",38,{"v":1,"d":"1.0"},{"v":36.63,"d":"36.6"},{"v":150,"d":"150.0"},{"v":1392,"d":"1,392.0"}]
["Avicultura Ornamental/Decorativa/Exótica","cabeças",4,{"v":10,"d":"10.0"},{"v":18.75,"d":"18.8"},{"v":30,"d":"30.0"},{"v":75,"d":"75.0"}]
["Avicultura para Ovos","cabeças",169,{"v":4,"d":"4.0"},{"v":1046.01,"d":"1,046.0"},{"v":90000,"d":"90,000.0"},{"v":176775,"d":"176,775.0"}]
["Bovinocultura de Corte","cabeças",178,{"v":1,"d":"1.0"},142.6,{"v":3975,"d":"3,975.0"},{"v":25383,"d":"25,383.0"}]
["Bovinocultura Leiteira","cabeças",204,{"v":1,"d":"1.0"},{"v":26.63,"d":"26.6"},{"v":180,"d":"180.0"},{"v":5433,"d":"5,433.0"}]
["Bovinocultura Mista","cabeças",287,{"v":2,"d":"2.0"},{"v":39.43,"d":"39.4"},{"v":389,"d":"389.0"},{"v":11317,"d":"11,317.0"}]
["Caprinocultura","cabeças",9,{"v":5,"d":"5.0"},{"v":16.89,"d":"16.9"},{"v":50,"d":"50.0"},{"v":152,"d":"152.0"}]
["Cunicultura","cabeças",1,{"v":32,"d":"32.0"},{"v":32,"d":"32.0"},{"v":32,"d":"32.0"},{"v":32,"d":"32.0"}]
["Equinocultura","cabeças",502,{"v":1,"d":"1.0"},{"v":2.32,"d":"2.3"},{"v":18,"d":"18.0"},{"v":1165,"d":"1,165.0"}]
["Javalis (Criadouro)","cabeças",1,{"v":190,"d":"190.0"},{"v":190,"d":"190.0"},{"v":190,"d":"190.0"},{"v":190,"d":"190.0"}]
["Outra Exploração Animal","cabeças",1,{"v":34,"d":"34.0"},{"v":34,"d":"34.0"},{"v":34,"d":"34.0"},{"v":34,"d":"34.0"}]
["Ovinocultura","cabeças",54,{"v":2,"d":"2.0"},{"v":25.93,"d":"25.9"},{"v":180,"d":"180.0"},{"v":1400,"d":"1,400.0"}]
["Piscicultura","m² tanques",18,{"v":50,"d":"50.0"},{"v":6758.33,"d":"6,758.3"},{"v":35000,"d":"35,000.0"},{"v":121650,"d":"121,650.0"}]
["Sericicultura","gramas larvas/ano",1,{"v":800,"d":"800.0"},{"v":800,"d":"800.0"},{"v":800,"d":"800.0"},{"v":800,"d":"800.0"}]
["Suinocultura","cabeças",201,{"v":1,"d":"1.0"},{"v":14.31,"d":"14.3"},{"v":1000,"d":"1,000.0"},{"v":2876,"d":"2,876.0"}]
["Fonte: Secretaria de Agricultura e Abastecimento, CDRS/IEA, Projeto LUPA."]
[]
["TABELA 395.3 -  Máquinas, Implementos e Benfeitorias, Município de Paraguaçu Paulista, Estado de São Paulo, 2007/08."]
["ITEM","UNIDADE","N.DE UPAs","MÍNIMO","MÉDIO","MÁXIMO","TOTAL"]
["Arado Comum (Bacia, Aiveca)","Unidade",126,{"v":1,"d":"1.0"},1.1,{"v":3,"d":"3.0"},{"v":139,"d":"139.0"}]
["Arado Escarificador","Unidade",30,{"v":1,"d":"1.0"},{"v":1.13,"d":"1.1"},{"v":2,"d":"2.0"},{"v":34,"d":"34.0"}]
["Arado Subsolador","Unidade",17,{"v":1,"d":"1.0"},{"v":1,"d":"1.0"},{"v":1,"d":"1.0"},{"v":17,"d":"17.0"}]
["Batedeira de Cereais","Unidade",7,{"v":1,"d":"1.0"},{"v":1.29,"d":"1.3"},{"v":3,"d":"3.0"},{"v":9,"d":"9.0"}]
["Carregadeira de Cana","Unidade",2,{"v":1,"d":"1.0"},2.5,{"v":4,"d":"4.0"},{"v":5,"d":"5.0"}]
["Colhedeira Acoplada","Unidade",2,{"v":1,"d":"1.0"},4.5,{"v":8,"d":"8.0"},{"v":9,"d":"9.0"}]
["Colhedeira Automotriz","Unidade",5,{"v":1,"d":"1.0"},{"v":2,"d":"2.0"},{"v":4,"d":"4.0"},{"v":10,"d":"10.0"}]
["Computador","Unidade",1,{"v":1,"d":"1.0"},{"v":1,"d":"1.0"},{"v":1,"d":"1.0"},{"v":1,"d":"1.0"}]
["Conj.Irrigação Convencional","Unidade",7,{"v":1,"d":"1.0"},{"v":1,"d":"1.0"},{"v":1,"d":"1.0"},{"v":7,"d":"7.0"}]
["Conj.Irrigação/Gotejamento/Microaspersão","Unidade",1,{"v":1,"d":"1.0"},{"v":1,"d":"1.0"},{"v":1,"d":"1.0"},{"v":1,"d":"1.0"}]
["Conjunto de Fenação","Unidade",3,{"v":1,"d":"1.0"},{"v":1,"d":"1.0"},{"v":1,"d":"1.0"},{"v":3,"d":"3.0"}]
["Desintegrador, Picador, Triturador","Unidade",249,{"v":1,"d":"1.0"},{"v":1.07,"d":"1.1"},{"v":4,"d":"4.0"},{"v":267,"d":"267.0"}]
["Distribuidor de Calcário","Unidade",29,{"v":1,"d":"1.0"},{"v":1.07,"d":"1.1"},{"v":2,"d":"2.0"},{"v":31,"d":"31.0"}]
["Ensiladeira","Unidade",30,{"v":1,"d":"1.0"},{"v":1.03,"d":"1.0"},{"v":2,"d":"2.0"},{"v":31,"d":"31.0"}]
["Grade Aradora (Tipo Romi)","Unidade",69,{"v":1,"d":"1.0"},{"v":1.06,"d":"1.1"},{"v":2,"d":"2.0"},{"v":73,"d":"73.0"}]
["Grade Niveladora","Unidade",114,{"v":1,"d":"1.0"},{"v":1.09,"d":"1.1"},{"v":3,"d":"3.0"},{"v":124,"d":"124.0"}]
["Implementos para Tração Animal","Unidade",10,{"v":1,"d":"1.0"},1.1,{"v":2,"d":"2.0"},{"v":11,"d":"11.0"}]
["Microtrator","Unidade",3,{"v":1,"d":"1.0"},{"v":1.33,"d":"1.3"},{"v":2,"d":"2.0"},{"v":4,"d":"4.0"}]
["Misturador de Ração","Unidade",13,{"v":1,"d":"1.0"},{"v":1.08,"d":"1.1"},{"v":2,"d":"2.0"},{"v":14,"d":"14.0"}]
["Ordenhadeira Mecânica","Unidade",15,{"v":1,"d":"1.0"},1.4,{"v":3,"d":"3.0"},{"v":21,"d":"21.0"}]
["Pulverizador Tratorizado","Unidade",45,{"v":1,"d":"1.0"},1.2,{"v":3,"d":"3.0"},{"v":54,"d":"54.0"}]
["Resfriador de Leite, Tanque Expansão","Unidade",12,{"v":1,"d":"1.0"},{"v":1,"d":"1.0"},{"v":1,"d":"1.0"},{"v":12,"d":"12.0"}]
["Roçadeira Costal","Unidade",2,{"v":1,"d":"1.0"},{"v":1,"d":"1.0"},{"v":1,"d":"1.0"},{"v":2,"d":"2.0"}]
["Roçadeira Tratorizada","Unidade",18,{"v":1,"d":"1.0"},{"v":1.06,"d":"1.1"},{"v":2,"d":"2.0"},{"v":19,"d":"19.0"}]
["Semeadeira/Adubadeira para Plantio Convencional","Unidade",33,{"v":1,"d":"1.0"},{"v":1.15,"d":"1.2"},{"v":2,"d":"2.0"},{"v":38,"d":"38.0"}]
["Semeadeira/Plantadeira Plantio Direto","Unidade",16,{"v":1,"d":"1.0"},{"v":1.88,"d":"1.9"},{"v":10,"d":"10.0"},{"v":30,"d":"30.0"}]
["Terraceador","Unidade",8,{"v":1,"d":"1.0"},{"v":1,"d":"1.0"},{"v":1,"d":"1.0"},{"v":8,"d":"8.0"}]
["Trator de Esteiras","Unidade",3,{"v":1,"d":"1.0"},{"v":1,"d":"1.0"},{"v":1,"d":"1.0"},{"v":3,"d":"3.0"}]
["Trator de Pneus","Unidade",257,{"v":1,"d":"1.0"},{"v":1.23,"d":"1.2"},{"v":12,"d":"12.0"},{"v":317,"d":"317.0"}]
["Açude/Represa","Unidade",172,{"v":1,"d":"1.0"},{"v":1.55,"d":"1.6"},{"v":9,"d":"9.0"},{"v":266,"d":"266.0"}]
["Almoxarifado/Oficina","Unidade",16,{"v":1,"d":"1.0"},{"v":1.56,"d":"1.6"},{"v":3,"d":"3.0"},{"v":25,"d":"25.0"}]
["Armazém para Grãos Ensacados","Sacas",8,{"v":1,"d":"1.0"},{"v":225.88,"d":"225.9"},{"v":1800,"d":"1,800.0"},{"v":1807,"d":"1,807.0"}]
["Balança para Bovinos","Unidade",9,{"v":1,"d":"1.0"},{"v":1,"d":"1.0"},{"v":1,"d":"1.0"},{"v":9,"d":"9.0"}]
["Balança para Veículos","Unidade",6,{"v":1,"d":"1.0"},1.5,{"v":4,"d":"4.0"},{"v":9,"d":"9.0"}]
["Barracão para Bicho da Seda/Sirgaria","Unidade",4,{"v":1,"d":"1.0"},{"v":1.75,"d":"1.8"},{"v":4,"d":"4.0"},{"v":7,"d":"7.0"}]
["Barracão para Granja/Avicultura","Unidade",35,{"v":1,"d":"1.0"},{"v":3.14,"d":"3.1"},{"v":37,"d":"37.0"},{"v":110,"d":"110.0"}]
["Barracão/Galpão/Garagem","Unidade",410,{"v":1,"d":"1.0"},{"v":1.23,"d":"1.2"},{"v":5,"d":"5.0"},{"v":506,"d":"506.0"}]
["Biodigestor","Unidade",2,{"v":1,"d":"1.0"},1.5,{"v":2,"d":"2.0"},{"v":3,"d":"3.0"}]
["Casa de Moradia Habitada","Unidade",610,{"v":1,"d":"1.0"},{"v":1.36,"d":"1.4"},{"v":10,"d":"10.0"},{"v":829,"d":"829.0"}]
["Casa de Moradia Total","Unidade",815,{"v":1,"d":"1.0"},{"v":1.71,"d":"1.7"},{"v":12,"d":"12.0"},{"v":1393,"d":"1,393.0"}]
["Curral/Mangueira","Unidade",630,{"v":1,"d":"1.0"},{"v":1.03,"d":"1.0"},{"v":3,"d":"3.0"},{"v":649,"d":"649.0"}]
["Depósito/Tulha","Unidade",423,{"v":1,"d":"1.0"},{"v":1.26,"d":"1.3"},{"v":11,"d":"11.0"},{"v":533,"d":"533.0"}]
["Estábulo","Unidade",130,{"v":1,"d":"1.0"},{"v":1.02,"d":"1.0"},{"v":3,"d":"3.0"},{"v":133,"d":"133.0"}]
["Estufa/Plasticultura","m²",4,{"v":500,"d":"500.0"},{"v":750,"d":"750.0"},{"v":1000,"d":"1,000.0"},{"v":3000,"d":"3,000.0"}]
["Fábrica de Farinha","Unidade",2,{"v":1,"d":"1.0"},{"v":1,"d":"1.0"},{"v":1,"d":"1.0"},{"v":2,"d":"2.0"}]
["Fábrica de Ração","Unidade",5,{"v":1,"d":"1.0"},{"v":1,"d":"1.0"},{"v":1,"d":"1.0"},{"v":5,"d":"5.0"}]
["Instalações para Equinos","Unidade",8,{"v":1,"d":"1.0"},2.5,{"v":6,"d":"6.0"},{"v":20,"d":"20.0"}]
["Máquina de Benefício","Unidade",1,{"v":1,"d":"1.0"},{"v":1,"d":"1.0"},{"v":1,"d":"1.0"},{"v":1,"d":"1.0"}]
["Olaria","Unidade",1,{"v":1,"d":"1.0"},{"v":1,"d":"1.0"},{"v":1,"d":"1.0"},{"v":1,"d":"1.0"}]
["Pocilga","Unidade",120,{"v":1,"d":"1.0"},{"v":1.12,"d":"1.1"},{"v":8,"d":"8.0"},{"v":134,"d":"134.0"}]
["Poço Semi-Artesiano","Unidade",186,{"v":1,"d":"1.0"},{"v":1.05,"d":"1.1"},{"v":3,"d":"3.0"},{"v":196,"d":"196.0"}]
["Secador de Grãos","Unidade",2,{"v":1,"d":"1.0"},{"v":1,"d":"1.0"},{"v":1,"d":"1.0"},{"v":2,"d":"2.0"}]
["Silo para Grãos","t",3,{"v":40,"d":"40.0"},{"v":380,"d":"380.0"},{"v":1000,"d":"1,000.0"},{"v":1140,"d":"1,140.0"}]
["Silo para Silagem","t",11,{"v":2,"d":"2.0"},{"v":135.18,"d":"135.2"},{"v":420,"d":"420.0"},{"v":1487,"d":"1,487.0"}]
["Terreiro","m²",32,{"v":1,"d":"1.0"},{"v":301.72,"d":"301.7"},{"v":2000,"d":"2,000.0"},{"v":9655,"d":"9,655.0"}]
["Usina de Açúcar/destilaria","Unidade",1,{"v":1,"d":"1.0"},{"v":1,"d":"1.0"},{"v":1,"d":"1.0"},{"v":1,"d":"1.0"}]
["Fonte: Secretaria de Agricultura e Abastecimento, CDRS/IEA, Projeto LUPA."]
[]
["TABELA 395.4 - Outras Estatísticas Agrícolas, Município de Paraguaçu Paulista, Estado de São Paulo, 2007/08."]
["ITEM","Número de UPAs",null,"Percentual"]
["Faz Parte de Associação de Produtores",133,null,{"v":10.68273092369478,"d":"10.7"}]
["Faz Parte de Cooperativa de Produtores",518,null,{"v":41.606425702811244,"d":"41.6"}]
["Faz Parte do Sindicato de Produtores",337,null,{"v":27.068273092369477,"d":"27.1"}]
["Não utiliza assistência técnica ",109,null,{"v":8.755020080321286,"d":"8.8"}]
["Utiliza somente assistência técnica governamental ",714,null,{"v":57.34939759036145,"d":"57.3"}]
["Utiliza somente assistência técnica privada ",178,null,{"v":14.29718875502008,"d":"14.3"}]
["Utiliza assistência técnica tanto governamental quanto privada",244,null,{"v":19.598393574297187,"d":"19.6"}]
["Utiliza Crédito Rural",195,null,{"v":15.66265060240964,"d":"15.7"}]
["Utiliza Seguro Rural",18,null,{"v":1.4457831325301207,"d":"1.4"}]
["Utiliza Escrituração Agrícola",479,null,{"v":38.47389558232932,"d":"38.5"}]
["Acessa Internet p/ Fins na Agropecuária",129,null,{"v":10.361445783132531,"d":"10.4"}]
["Utiliza Computador nas Atividades Agropecuárias",177,null,{"v":14.216867469879519,"d":"14.2"}]
["Utiliza Energia Elétrica Para Uso na Atividade Agrícola",909,null,{"v":73.01204819277108,"d":"73.0"}]
["Realiza Análise de Solo, quando necessário",486,null,{"v":39.03614457831325,"d":"39.0"}]
["Utiliza Práticas de Conservação de Solo, quando necessário",{"v":1138,"d":"1,138"},null,{"v":91.40562248995984,"d":"91.4"}]
["Faz Adubação Mineral, quando necessário",823,null,{"v":66.10441767068274,"d":"66.1"}]
["Faz Adubação Orgânica, quando necessário",662,null,{"v":53.17269076305221,"d":"53.2"}]
["Faz Adubação Verde, quando necessário",203,null,{"v":16.305220883534137,"d":"16.3"}]
["Utiliza Manejo Integrado de Pragas (MIP)","-",null,"-"]
["Utiliza Hidroponia",1,null,{"v":0.08032128514056226,"d":"0.1"}]
["Utiliza Plasticultura",4,null,{"v":0.321285140562249,"d":"0.3"}]
["Utiliza Mudas Fiscalizadas",519,null,{"v":41.68674698795181,"d":"41.7"}]
["Utiliza Semente Melhorada",273,null,{"v":21.927710843373493,"d":"21.9"}]
["Faz Confinamento de Bovinos",20,null,{"v":1.6064257028112452,"d":"1.6"}]
["Utiliza Pastejo Intensivo",432,null,{"v":34.69879518072289,"d":"34.7"}]
["Faz Inseminação Artificial",7,null,{"v":0.5622489959839359,"d":"0.6"}]
["Faz Mineralização do Rebanho",681,null,{"v":54.69879518072289,"d":"54.7"}]
["Faz Vermifugação do Rebanho",684,null,{"v":54.93975903614458,"d":"54.9"}]
["Possui Parceiros /Arrendatários na Exploração Animal",272,null,{"v":21.847389558232933,"d":"21.8"}]
["Esporte e lazer",4,null,{"v":0.321285140562249,"d":"0.3"}]
["Extração mineral","-",null,"-"]
["Hotel Fazenda, Pousada ou SPA","-",null,"-"]
["Pesque-pague","-",null,"-"]
["Restaurante ou Lanchonete","-",null,"-"]
["Transformação artesanal","-",null,"-"]
["Turismo rural ou ecoturismo","-",null,"-"]
["Outras atividades econômicas rurais",8,null,{"v":0.6425702811244981,"d":"0.6"}]
["Agroindústria","-",null,"-"]
["Proprietário sem instrução ou com instrução incompleta",36,null,{"v":2.8915662650602414,"d":"2.9"}]
["Proprietário com antigo primário completo",563,null,{"v":45.22088353413655,"d":"45.2"}]
["Proprietário com 1° grau (ou antigo ginasial) completo",113,null,{"v":9.076305220883533,"d":"9.1"}]
["Proprietário com 2° grau (ou antigo colegial) completo",204,null,{"v":16.385542168674696,"d":"16.4"}]
["Proprietário com curso superior completo ",262,null,{"v":21.04417670682731,"d":"21.0"}]
["Pessoa Jurídica",67,null,{"v":5.381526104417671,"d":"5.4"}]
["Proprietário residente na própria UPA ",281,null,{"v":22.570281124497992,"d":"22.6"}]
["Fonte: Secretaria de Agricultura e Abastecimento, CDRS/IEA, Projeto LUPA."]
[]
["TABELA 395.5 - Área Cultivada, Município de Paraguaçu Paulista, Estado de São Paulo, 2007/08."]
["CULTURA","N.DE UPAs","MÍNIMO","MÉDIO","MÁXIMO","TOTAL"]
["Cana-de-acucar",580,0.2,{"v":96.12,"d":"96.1"},{"v":5785.8,"d":"5,785.8"},{"v":55750.6,"d":"55,750.6"}]
["Braquiaria",797,0.4,{"v":33.76,"d":"33.8"},{"v":2360.6,"d":"2,360.6"},{"v":26907.7,"d":"26,907.7"}]
["Soja",68,4.8,{"v":26.72,"d":"26.7"},{"v":90,"d":"90.0"},{"v":1817.2,"d":"1,817.2"}]
["Milho Safrinha",64,4.8,26.5,{"v":90,"d":"90.0"},{"v":1696.2,"d":"1,696.2"}]
["Gramas",128,0.3,{"v":9.51,"d":"9.5"},{"v":46,"d":"46.0"},{"v":1217.7,"d":"1,217.7"}]
["Mandioca",62,0.1,{"v":11.18,"d":"11.2"},157.3,693.2]
["Eucalipto",136,0.1,{"v":4.06,"d":"4.1"},133.1,551.6]
["Milho",93,0.2,{"v":5.16,"d":"5.2"},60.5,480.3]
["Pinus",3,0.1,103.2,307.5,309.6]
["Trigo",11,7.2,{"v":27.65,"d":"27.7"},72.6,304.2]
["Outras gramineas para pastagem",8,3.6,{"v":25.84,"d":"25.8"},108.6,206.7]
["Cafe",50,0.1,{"v":3.03,"d":"3.0"},19.3,151.7]
["Banana",12,0.2,{"v":9.04,"d":"9.0"},24.2,108.5]
["Capim-napier (ou capim-elefante)",37,0.2,{"v":2.36,"d":"2.4"},24.1,87.5]
["Coloniao",13,{"v":1,"d":"1.0"},{"v":6.45,"d":"6.5"},24.3,83.9]
["Sorgo",5,{"v":1,"d":"1.0"},{"v":14.32,"d":"14.3"},37.4,71.6]
["Laranja",12,0.1,{"v":3.45,"d":"3.5"},15.7,41.4]
["Outras florestais",1,34.8,34.8,34.8,34.8]
["Crotalaria",1,{"v":25,"d":"25.0"},{"v":25,"d":"25.0"},{"v":25,"d":"25.0"},{"v":25,"d":"25.0"}]
["Milheto",2,{"v":1,"d":"1.0"},10.2,19.4,20.4]
["Seringueira",4,2.4,4.2,7.2,16.8]
["Milho-silagem",1,12.1,12.1,12.1,12.1]
["Arroz",4,0.6,{"v":3.03,"d":"3.0"},9.6,12.1]
["Manga",8,0.1,{"v":1.48,"d":"1.5"},4.8,11.8]
["Acerola (ou cereja-das-antilhas)",2,4.8,{"v":5.75,"d":"5.8"},6.7,11.5]
["Amora (ou amora-branca)",1,7.2,7.2,7.2,7.2]
["Feijao",5,0.3,{"v":1.32,"d":"1.3"},2.4,6.6]
["Outras olericolas",4,0.3,{"v":1.33,"d":"1.3"},2.4,5.3]
["Outras frutiferas",1,2.9,2.9,2.9,2.9]
["Coco-da-baia",1,2.4,2.4,2.4,2.4]
["Horta domestica",1,2.4,2.4,2.4,2.4]
["Abacate",2,0.8,0.9,{"v":1,"d":"1.0"},1.8]
["Caqui",1,1.2,1.2,1.2,1.2]
["Tangerina",2,0.3,0.4,0.5,0.8]
["Maracuja",1,0.6,0.6,0.6,0.6]
["Limao",1,0.5,0.5,0.5,0.5]
["Pera",2,0.1,{"v":0.15,"d":"0.2"},0.2,0.3]
["Pessego",2,0.1,{"v":0.15,"d":"0.2"},0.2,0.3]
["Outros viveiros",1,0.3,0.3,0.3,0.3]
["Uva fina",1,0.2,0.2,0.2,0.2]
["Abacaxi (ou ananas)",1,0.2,0.2,0.2,0.2]
["Fonte: Secretaria de Agricultura e Abastecimento, CDRS/IEA, Projeto LUPA."]